| 000 | 00406cam a2200169ua 4500 | ||
|---|---|---|---|
| 003 | OSt | ||
| 005 | 20260221112749.0 | ||
| 008 | 260221b |||||||| |||| 00| 0 eng d | ||
| 041 | _aeng | ||
| 082 |
_a692.5 _bNAM/ES |
||
| 100 |
_aNamavati, R.H . _97881 |
||
| 245 | _aEstimating and valuation / | ||
| 250 | _a1 / | ||
| 260 |
_a : _bUniversal book corporation , _c1965. |
||
| 300 | _a436 ; . | ||
| 942 | _cBK | ||
| 999 |
_c1656 _d1656 |
||